000 01244nam a22003017i 4500
003 EG-GICUC
005 20260508132058.0
008 260505s1974 ua |||fr|||| 000 0 ara d
040 _a EG-GICUC
_bara
_c EG-GICUC
_d EG-GICUC
_erda
041 0 _aara
082 0 4 _221
_a341.76
_bع ب . ج
092 0 4 _221
099 _aLaw1 11 341.76 ع ب . ج 1974
100 0 _aعبد الواحد محمد الفار
_eمؤلف.
245 1 2 _aالجوانب القانونية للاستثمارات العربية والأجنبية في مصر /
_cتأليف عبد الواحد محمد الفار.
264 1 _aالقاهرة :
_bعالم الكتب،
_c1974.
300 _a275 صفحة ؛
_c24 سم
336 _2rda content
_atext
337 _2rda media
_aComputer
338 _2rda carrier
_aOnline Resource
504 _a. يشتمل على إرجاعات ببيلوجرافية
546 _aالنص باللغة العربية
650 1 4 _aالقانون الدولي العام
_v العلاقات الثقافية الدولية / القانون الأجتماعي - قانون دولي
_2qrmak
651 1 _2qrmak
856 4 0 _uhttps://fll.law.cu.edu.eg/fulltext/bks/ B11-10275.pdf
905 _a56
942 _2ddc
_cBK
_e21
_n0
999 _c75763
_d75763